000 00969nam a2200229Ia 4500
999 _c37905
_d37905
001 3883
003 GE_BSU
005 20190514142356.0
008 181216s2001||||ge |||||||||||||| ||geo||
020 _a9992828218
040 _cGE_BSU
041 _ageo
080 _a81'374.822(038)=161.1=353.1 Р-89
245 _aრუსულ–ქართული ლექსიკონი = Русско-Грузинский словарь
_bრუსულ–ქართული ლექსიკონი. /
_cсоств : М.В.Канкава ; Ред. ак.Давитиани
250 _aВторое издание.
264 _aТбилиси .:
_bСакартмелос мацне,
_c2001.
300 _a578. ; стр
_c17 см.
653 _aРусско-Грузинский словарь
653 _aრუსულ–ქართული ლექსიკონი
700 _aАк. Давитиани
_eРедактор
_91098
942 _cBK
_2udc